| 000 | 00806nas a22002411i#4500 | ||
|---|---|---|---|
| 001 | 1369 | ||
| 003 | ES-MaACL | ||
| 005 | 20250814062553.0 | ||
| 007 | t| | ||
| 008 | 950801m18461848fr | | 1 ||re d | ||
| 080 | _a33 | ||
| 245 | 0 | 3 |
_aLe Libre-échange _b: journal de l'Asociation pour la Liberté des Echages. |
| 260 |
_aParis : _bau Bureau du Journal, _c1846-1848 ( _fNapoleon Chaix et Cie) |
||
| 300 |
_a1 v. ; _c39 cm. |
||
| 310 | _aSemanal | ||
| 362 | 0 | _aAño I, n. 1 (29 nov. 1846)- avr. 1848. | |
| 650 | 4 |
_aInstituciones científicas y diversas _913829 |
|
| 650 | 1 | 7 |
_aEconomía _2embne _912006 |
| 710 | 2 |
_aAssociation pour la Liberté des Échanges (France) _9147992 |
|
| 852 |
_aES-MaACL _jG-4411(1) _z.- Encuadernado con otra publicación |
||
| 866 | 1 | _o1846(1847). | |
| 999 |
_c1369 _d1369 |
||